American environmentalism : the U.S. environmental movement, 1970-1990

Αποθηκεύτηκε σε:
Λεπτομέρειες βιβλιογραφικής εγγραφής
Άλλοι συγγραφείς: Dunlap, Riley E. (Επιμελητής έκδοσης), Mertig, Angela G. (Επιμελητής έκδοσης)
Μορφή: Βιβλίο
Γλώσσα:English
Δημοσίευση: New York : Taylor & Francis, 1992
Θέματα:
Ετικέτες: Προσθήκη ετικέτας
Δεν υπάρχουν, Καταχωρήστε ετικέτα πρώτοι!

MARC

LEADER 00000nam a2200000 i 4500
001 1/35677
008 030513s1992 eng d
020 |a 0-8448-1730-9 
035 |l 10069921 
040 |a GR-MY-UA  |b gre  |e aacr 
041 0 |a eng 
082 0 |a 363.70570973  |2 (21) 
245 1 0 |a American environmentalism :  |b the U.S. environmental movement, 1970-1990 /  |c edited by Riley E. Dunlap and Angela G. Mertig 
260 |a New York :   |b Taylor & Francis,   |c 1992 
300 |a xii, 121 σ.;  |b πιν.;  |c 26 εκ. 
500 |a Αρχικά δημοσιεύτηκε στο περιοδικό: Society and Natural Resources 
504 |a Περιέχει βιβλιογραφία και ευρετήριο 
650 0 0 |a Environmental policy  |z United States  |x Citizen participation  |x History  |y 20th century. 
650 0 0 |a Green movement  |z United States  |x History  |y 20th century. 
700 1 |a Dunlap, Riley E.  |4 edt 
700 1 |a Mertig, Angela G.  |4 edt 
852 |a INST  |b LESVOS  |e 20030513  |h 363.70570973 AME  |p 005100026862  |q 005100026862  |t BK  |y 0 
901 |a BIBL1-2003-2 
909 |a Λ  |b 104461 
922 |a 1ΕΛΗ  |b 200303  |c ΕΠΕΑΕΚ2/ΤΠ  |d ΠΑΠΑΣΩΤΗΡΙΟΥ & ΕΛΕΥΘΕΡΟΥΔΑΚΗΣ 
950 |a 107-2002-10-01 
970 |a ΧΡΙΣΤΟΦΑ  |b ΝΙΚΗ  |z 2003/08/29